Kluby Kujawsko-pomorskie, Ekstraklasa, I ,II, III liga - Statystyki

Ogólne statystyki
  • Ten quiz został rozwiązany 22 razy
  • Średni wynik to 3 z 5
Statystyki odpowiedzi
Liga Klub % Poprawnych
III liga Zawisza Bydgoszcz
100%
II liga Olimpia Grudziądz
95%
III liga Elana Toruń
90%
III liga Wda Świecie
29%
III liga Tłuchowia Tłuchowo
19%
Nie znaleziono quizów pasujących do podanych kryteriów
Rozkład punktacji
Procent ludzi z każdym wynikiem
Percentyl według liczby udzielonych odpowiedzi
Twoja historia wyników
Nie rozwiązałeś tego quizu